[Event "V Festival A"]
[Site "Giugliano in Campania ITA"]
[Date "2010.09.26"]
[Round "5"]
[White "Seletsky, Grigory"]
[Black "Della Corte, Alessandro"]
[Result "1/2-1/2"]
[WhiteElo "2295"]
[BlackElo "2261"]
[PlyCount "36"]
[EventDate "2010.09.24"]

1. e4 c5 2. Nf3 d6 3. d4 cxd4 4. Nxd4 Nf6 5. Nc3 a6 6. h3 g6 7. g4 Bg7 8. Bg2
O-O 9. O-O Nc6 10. Nde2 e6 11. Ng3 Qc7 12. f4 Re8 13. g5 Nd7 14. f5 Nce5 15.
Nce2 b5 16. f6 Bf8 17. b3 Bb7 18. Bb2 Rac8 1/2-1/2

[Event "V Festival A"]
[Site "Giugliano in Campania ITA"]
[Date "2010.09.26"]
[Round "5"]
[White "Tesone, Crescenzo"]
[Black "Cappuccio, Salvatore"]
[Result "0-1"]
[WhiteElo "1833"]
[BlackElo "1969"]
[PlyCount "39"]
[EventDate "2010.09.24"]

1. Nc3 d5 2. e4 d4 3. Nce2 e5 4. Ng3 Nf6 5. Bc4 Bd6 6. Nf3 O-O 7. a4 a5 8. O-O
Bg4 9. h3 Bd7 10. c3 c5 11. Qb3 h6 12. d3 Nc6 13. Bd2 b6 14. Nh4 Ne7 15. Rae1
Rb8 16. cxd4 cxd4 17. f4 Qe8 18. fxe5 Bxe5 19. Nhf5 Bxg3 20. Nxg3 0-1

[Event "XI Festival A"]
[Site "Nichelino ITA"]
[Date "2010.09.30"]
[Round "1"]
[White "Barcellona, Antonino"]
[Black "D'Ingiullo, Roberto"]
[Result "1-0"]
[WhiteElo "1793"]
[BlackElo "2116"]
[PlyCount "109"]
[EventDate "2010.09.30"]

1. e4 c5 2. Nf3 Nc6 3. d4 cxd4 4. Nxd4 e5 5. Nb5 d6 6. c4 Be7 7. Bd3 Nf6 8. O-O
O-O 9. f4 Bg4 10. Qe1 a6 11. N5a3 exf4 12. Bxf4 Ne5 13. Bc2 Qb6+ 14. Qe3 Qxe3+
15. Bxe3 Be2 16. Rf2 Bxc4 17. Nxc4 Nxc4 18. Bd4 Rac8 19. Nc3 Ne5 20. Bb3 Nc6
21. Bb6 Nb4 22. Rd1 Nd7 23. Be3 Ne5 24. a3 Nbd3 25. Rfd2 Nc5 26. Ba2 Rfe8 27.
b4 Nb3 28. Rc2 Nc4 29. Nd5 Bf8 30. Bxb3 Nxe3 31. Nxe3 Rxc2 32. Bxc2 Rc8 33. Rd3
g6 34. Bb3 Rc1+ 35. Kf2 Rb1 36. Bd5 Rb2+ 37. Kf3 b6 38. Nc4 Rc2 39. Nxb6 h5 40.
Nd7 Be7 41. Nb8 g5 42. h3 Bd8 43. Nxa6 Bb6 44. Kg3 h4+ 45. Kg4 Rxg2+ 46. Kh5
Rg3 47. Rxg3 hxg3 48. e5 dxe5 49. Kg4 Kg7 50. Kxg5 Bf2 51. Nb8 Be3+ 52. Kf5 Bf4
53. Nd7 Bc1 54. a4 f6 55. b5 1-0

[Event "XI Festival A"]
[Site "Nichelino ITA"]
[Date "2010.09.30"]
[Round "1"]
[White "Bisi, Riccardo"]
[Black "Razzano, Lorenzo"]
[Result "0-1"]
[WhiteElo "1587"]
[BlackElo "1928"]
[PlyCount "60"]
[EventDate "2010.09.30"]

1. e4 e5 2. Nf3 Nc6 3. Bc4 Nf6 4. d3 Be7 5. Nc3 O-O 6. Bg5 d6 7. h3 Na5 8. Bb3
c6 9. O-O Nxb3 10. axb3 Nh5 11. Bxe7 Qxe7 12. Qd2 h6 13. Rfe1 Qf6 14. Ne2 Bxh3
15. Qe3 Bg4 16. Nh2 Bxe2 17. Rxe2 Nf4 18. Ree1 Qg5 19. g3 Nh3+ 20. Kg2 Qxe3 21.
Rxe3 Ng5 22. Nf3 Ne6 23. Nh4 g6 24. c3 c5 25. Rf3 Kg7 26. Kh2 a5 27. Ng2 b5 28.
Ne3 Ng5 29. Kg2 Nxf3 30. Kxf3 a4 0-1

[Event "XI Festival A"]
[Site "Nichelino ITA"]
[Date "2010.09.30"]
[Round "1"]
[White "Bisi, Samuele"]
[Black "Finocchiaro, Gianluca"]
[Result "1-0"]
[WhiteElo "1829"]
[BlackElo "2121"]
[PlyCount "83"]
[EventDate "2010.09.30"]

1. d4 g6 2. c4 Bg7 3. Nc3 c5 4. d5 Bxc3+ 5. bxc3 f5 6. Nf3 Qa5 7. Qc2 Nf6 8. g3
d6 9. Bg2 Ne4 10. Ng5 Nxg5 11. Bxg5 Nd7 12. O-O Ne5 13. e4 h6 14. Bf4 Nxc4 15.
Qe2 b5 16. Rfe1 Qc7 17. a4 Ba6 18. exf5 e5 19. fxg6 O-O-O 20. Qg4+ Kb8 21. g7
Rhg8 22. Bxh6 Nb6 23. axb5 Bxb5 24. Reb1 Bd3 25. Rb2 Ka8 26. Be4 c4 27. Rd2 Qf7
28. Bxd3 cxd3 29. Rxd3 Rc8 30. Rc1 e4 31. Qxe4 Rge8 32. Qd4 Kb7 33. c4 Qg6 34.
Ra3 Ra8 35. Qf4 Red8 36. Qg5 Qh7 37. Qf6 Qe4 38. Qf7+ Rd7 39. g8=Q Rxg8 40.
Qxg8 Nxc4 41. Rb3+ Nb6 42. Qc8# 1-0

[Event "XI Festival A"]
[Site "Nichelino ITA"]
[Date "2010.09.30"]
[Round "1"]
[White "Blundo, Michele"]
[Black "Manni, Stefano"]
[Result "0-1"]
[WhiteElo "1743"]
[BlackElo "2005"]
[PlyCount "38"]
[EventDate "2010.09.30"]

1. d4 d5 2. Nf3 Nf6 3. Bf4 c5 4. c3 Qb6 5. Qc2 Nc6 6. dxc5 Qxc5 7. Nbd2 g6 8.
e3 Bf5 9. Bd3 Bxd3 10. Qxd3 Bg7 11. O-O O-O 12. Rab1 Nh5 13. Rfc1 e5 14. b4 Qb6
15. Bxe5 Nxe5 16. Qxd5 Rfd8 17. Qe4 Nd3 18. Nc4 Qa6 19. Rc2 f5 0-1

[Event "XI Festival A"]
[Site "Nichelino ITA"]
[Date "2010.09.30"]
[Round "1"]
[White "Cacinschi, Alexandru"]
[Black "Revello, Beatrice"]
[Result "1-0"]
[WhiteElo "1959"]
[BlackElo "1722"]
[PlyCount "87"]
[EventDate "2010.09.30"]

1. d4 Nf6 2. Nf3 e6 3. c4 d5 4. g3 c6 5. Bg2 Be7 6. O-O O-O 7. Qc2 Nbd7 8. Rd1
Qb6 9. a3 c5 10. dxc5 Bxc5 11. e3 Rd8 12. b4 Be7 13. c5 Qc7 14. Nc3 Ne5 15.
Nxe5 Qxe5 16. Bb2 Qc7 17. Rac1 Bd7 18. Ne2 Rac8 19. Nd4 a6 20. Qe2 a5 21. Nb5
Bxb5 22. Qxb5 axb4 23. axb4 Qc6 24. Qe2 b6 25. b5 Qc7 26. c6 Bc5 27. Ra1 Ne8
28. Qg4 Qe7 29. Ra4 f5 30. Qe2 Nd6 31. Bf1 Ra8 32. Qc2 Qe8 33. Rda1 Rxa4 34.
Qxa4 Qe7 35. Qa7 Qxa7 36. Rxa7 Nf7 37. Rb7 Rc8 38. Bd4 e5 39. Bxc5 bxc5 40. c7
Nd6 41. Rb8 Kf7 42. b6 c4 43. Rxc8 Nxc8 44. b7 1-0

[Event "XI Festival A"]
[Site "Nichelino ITA"]
[Date "2010.09.30"]
[Round "1"]
[White "Damia, Angelo"]
[Black "Biancotti, Alessandro"]
[Result "1-0"]
[WhiteElo "2287"]
[BlackElo "1895"]
[PlyCount "39"]
[EventDate "2010.09.30"]

1. e4 c5 2. a3 Nc6 3. b4 cxb4 4. axb4 Nxb4 5. d4 e6 6. c3 Na6 7. Bd3 g6 8. Nf3
Bg7 9. h4 Ne7 10. h5 Nc7 11. Na3 d5 12. e5 Bd7 13. h6 Bf8 14. Bg5 Qc8 15. Bf6
Rg8 16. Ng5 Nf5 17. Nxh7 Be7 18. g4 Bxa3 19. Rxa3 Nxh6 20. Rxh6 1-0

[Event "XI Festival A"]
[Site "Nichelino ITA"]
[Date "2010.09.30"]
[Round "1"]
[White "Davter, Mauro"]
[Black "Martin, Tiziano"]
[Result "0-1"]
[WhiteElo "1713"]
[BlackElo "1955"]
[PlyCount "84"]
[EventDate "2010.09.30"]

1. Nf3 d5 2. d4 e6 3. c4 Nd7 4. Nc3 Ngf6 5. Bg5 Be7 6. e3 O-O 7. Bd3 dxc4 8.
Bxc4 a6 9. O-O b5 10. Bd3 c5 11. dxc5 Nxc5 12. Be2 Bb7 13. Rc1 b4 14. Nb1 Qa5
15. Bc4 Rfd8 16. Qe2 Na4 17. Rfd1 Bxf3 18. Qxf3 Qxg5 19. Rxd8+ Rxd8 20. Bxa6
Qd5 21. Qxd5 exd5 22. b3 Nc5 23. Be2 Ra8 24. Rc2 g5 25. h3 Nfe4 26. f3 Ng3 27.
Bb5 Rd8 28. Rd2 Nf5 29. Kf2 Nd6 30. Bd3 Nxd3+ 31. Rxd3 Nb5 32. Ke2 Bf6 33. Kd2
Kf8 34. Ke2 Ke7 35. Rd2 Ke6 36. Rc2 Nc3+ 37. Nxc3 bxc3 38. Kd3 Kd6 39. b4 Rb8
40. a3 Kc6 41. Rc1 Kb5 42. Rb1 Ka4 0-1

[Event "XI Festival A"]
[Site "Nichelino ITA"]
[Date "2010.09.30"]
[Round "1"]
[White "Di Chiara, Mauro"]
[Black "Petrini, Alberto"]
[Result "1/2-1/2"]
[WhiteElo "1949"]
[BlackElo "1711"]
[PlyCount "37"]
[EventDate "2010.09.30"]

1. Nf3 Nf6 2. d4 g6 3. Nc3 d5 4. Bf4 c6 5. e4 dxe4 6. Ng5 Bg7 7. Bc4 O-O 8. Qd2
h6 9. Ngxe4 Nxe4 10. Nxe4 Qxd4 11. Qxd4 Bxd4 12. Bxh6 Bg7 13. Bxg7 Kxg7 14.
O-O-O Nd7 15. f4 Nf6 16. Rhe1 Bg4 17. Rd2 Rad8 18. Nxf6 Kxf6 19. h3 1/2-1/2

[Event "XI Festival A"]
[Site "Nichelino ITA"]
[Date "2010.09.30"]
[Round "1"]
[White "Gambarino, Federico"]
[Black "Grinza, Andrea"]
[Result "0-1"]
[WhiteElo "1868"]
[BlackElo "2239"]
[PlyCount "74"]
[EventDate "2010.09.30"]

1. e4 c6 2. d4 d5 3. Nd2 dxe4 4. Nxe4 Bf5 5. Ng3 Bg6 6. Nf3 Nd7 7. h4 h6 8. h5
Bh7 9. Bd3 Bxd3 10. Qxd3 Qc7 11. Bd2 e6 12. Ne4 Ngf6 13. Nxf6+ Nxf6 14. O-O-O
Bd6 15. c4 O-O-O 16. g3 Rhe8 17. Bc3 c5 18. Qc2 cxd4 19. Bxd4 Bc5 20. Rh4 Bxd4
21. Nxd4 a6 22. b3 Rd7 23. Nf3 Red8 24. Rxd7 Rxd7 25. Qe2 Qc5 26. Ne5 Rc7 27.
Nd3 Qa3+ 28. Kb1 Qa5 29. Qe5 Qd2 30. Rd4 Qd1+ 31. Kb2 Qxh5 32. Qd6 Rd7 33. Qf8+
Kc7 34. Rxd7+ Nxd7 35. Qxg7 Qe2+ 36. Kc3 Kb8 37. Qxf7 Qxd3+ 0-1

[Event "XI Festival A"]
[Site "Nichelino ITA"]
[Date "2010.09.30"]
[Round "1"]
[White "Lombardi, Mariano"]
[Black "Sattanino, Andrea"]
[Result "0-1"]
[WhiteElo "2117"]
[BlackElo "1818"]
[PlyCount "42"]
[EventDate "2010.09.30"]

1. e4 e5 2. Nc3 Nf6 3. f4 d5 4. fxe5 Nxe4 5. d3 Bb4 6. dxe4 Qh4+ 7. Ke2 Bxc3 8.
bxc3 Bg4+ 9. Nf3 dxe4 10. Qd4 Bh5 11. Ke3 Bxf3 12. Bb5+ c6 13. gxf3 cxb5 14.
Ba3 Nc6 15. Qxe4 Qh6+ 16. f4 O-O-O 17. Rab1 Nxe5 18. Rxb5 Ng4+ 19. Kf3 Qh3+ 20.
Ke2 Rhe8 21. Be7 Rxe7 0-1

[Event "XI Festival A"]
[Site "Nichelino ITA"]
[Date "2010.09.30"]
[Round "1"]
[White "Moncelli, Giorgio"]
[Black "Araniti, Michelangelo"]
[Result "1-0"]
[WhiteElo "2089"]
[BlackElo "1774"]
[PlyCount "73"]
[EventDate "2010.09.30"]

1. c4 e6 2. Nf3 d5 3. g3 Nf6 4. Bg2 Be7 5. O-O O-O 6. d4 b6 7. Nc3 Bb7 8. Ne5
Nbd7 9. Qa4 Nxe5 10. dxe5 Ne4 11. Nxe4 dxe4 12. Rd1 Qe8 13. Qc2 Qc6 14. Rd4 Qc5
15. Be3 Qxe5 16. Rd7 Bd8 17. Bf4 Qc5 18. Bxe4 Bxe4 19. Qxe4 Rc8 20. Rad1 Bf6
21. b3 Rfd8 22. Rxd8+ Rxd8 23. Rxd8+ Bxd8 24. Qa8 Qe7 25. Qxa7 e5 26. Be3 c5
27. Qa8 Qd7 28. b4 Kf8 29. bxc5 bxc5 30. Bxc5+ Ke8 31. Bb6 f6 32. Qxd8+ Qxd8
33. Bxd8 Kxd8 34. a4 Kc7 35. Kf1 Kb6 36. Ke1 Kc5 37. a5 1-0

[Event "XI Festival A"]
[Site "Nichelino ITA"]
[Date "2010.09.30"]
[Round "1"]
[White "Paoli, Mario"]
[Black "Barbiso, Tiziana"]
[Result "0-1"]
[WhiteElo "1761"]
[BlackElo "2035"]
[PlyCount "46"]
[EventDate "2010.09.30"]

1. d4 d5 2. c4 e6 3. Nc3 c6 4. a4 Nf6 5. e3 Nbd7 6. Nf3 Bd6 7. Be2 dxc4 8. Bxc4
Qe7 9. Qc2 e5 10. O-O O-O 11. dxe5 Nxe5 12. Nxe5 Qxe5 13. f4 Qc5 14. Bd3 Re8
15. Kh1 h6 16. e4 Qh5 17. e5 Ng4 18. g3 Bc5 19. Ne4 Bb6 20. Nd6 Be6 21. Bc4
Nf2+ 22. Rxf2 Bxf2 23. Bxe6 Qf3# 0-1

[Event "XI Festival A"]
[Site "Nichelino ITA"]
[Date "2010.09.30"]
[Round "1"]
[White "Picarella, Marco"]
[Black "Passerotti, Pierluigi"]
[Result "0-1"]
[WhiteElo "1892"]
[BlackElo "2268"]
[PlyCount "94"]
[EventDate "2010.09.30"]

1. d4 f5 2. c4 Nf6 3. Nf3 g6 4. g3 Bg7 5. Bg2 O-O 6. O-O d6 7. Nc3 c6 8. Qb3
Na6 9. Re1 Ne4 10. e3 Qb6 11. Qxb6 axb6 12. Nd2 Nxd2 13. Bxd2 Nb4 14. Red1 e5
15. d5 e4 16. a3 Nd3 17. Rab1 Bd7 18. Bf1 Ne5 19. Be2 Rfd8 20. Be1 Be8 21. Kg2
Bf6 22. a4 Kf7 23. b3 Ke7 24. b4 Bf7 25. a5 bxa5 26. bxa5 Ra7 27. Na4 Nd7 28.
f3 cxd5 29. cxd5 exf3+ 30. Bxf3 Rc8 31. Rdc1 Rxc1 32. Rxc1 b5 33. Nb6 Nxb6 34.
axb6 Rb7 35. Ba5 Be8 36. Be2 b4 37. Ba6 Rb8 38. Rb1 Bc3 39. b7 Bf7 40. Bc7
Bxd5+ 41. Kf2 Bxb7 42. Bxb8 Bxa6 43. Ba7 Bd3 44. Rc1 Ke6 45. Bd4 Bxd4 46. exd4
b3 47. Rc3 b2 0-1

[Event "XI Festival A"]
[Site "Nichelino ITA"]
[Date "2010.09.30"]
[Round "1"]
[White "Pulito, Alberto"]
[Black "Rizzo, Simone"]
[Result "1-0"]
[WhiteElo "2263"]
[BlackElo "1890"]
[PlyCount "47"]
[EventDate "2010.09.30"]

1. e4 e6 2. d4 d5 3. Nc3 Nf6 4. Bg5 Be7 5. e5 Nfd7 6. h4 Bxg5 7. hxg5 c5 8. g6
fxg6 9. Qg4 Nf8 10. Nb5 cxd4 11. Nd6+ Kd7 12. O-O-O Qa5 13. Qf4 Kc7 14. Nb5+
Kd8 15. Nf3 Nc6 16. Ng5 Kd7 17. Qf7+ Ne7 18. Nd6 Qd8 19. Rxd4 Kc7 20. Rh3 Kb8
21. Rc3 Nf5 22. Rxc8+ Qxc8 23. Nxc8 Nxd4 24. Nd6 1-0

[Event "XI Festival A"]
[Site "Nichelino ITA"]
[Date "2010.09.30"]
[Round "1"]
[White "Ravazzolo, Gaia"]
[Black "Pesiri, Rossano"]
[Result "0-1"]
[WhiteElo "1722"]
[BlackElo "1960"]
[PlyCount "80"]
[EventDate "2010.09.30"]

1. d4 d5 2. Nf3 Nf6 3. c4 c6 4. Nc3 e6 5. cxd5 exd5 6. Qc2 Bd6 7. Bg5 O-O 8. e3
Bg4 9. Ne5 Bh5 10. Bd3 Bg6 11. Nxg6 fxg6 12. Ne2 Qa5+ 13. Nc3 Na6 14. O-O Nb4
15. Qd2 Nxd3 16. Qxd3 Ne4 17. Nxe4 dxe4 18. Qxe4 Rae8 19. Qg4 h5 20. Qd7 Bxh2+
21. Kxh2 Qxg5 22. Rac1 Re7 23. Qd6 Ref7 24. Kg1 h4 25. Rc5 Qg4 26. Qh2 Rxf2 27.
Rcc1 Qe2 28. Rxf2 Qxf2+ 29. Kh1 Qxe3 30. Rd1 Qe2 31. Rb1 Rf1+ 32. Rxf1 Qxf1+
33. Qg1 Qxg1+ 34. Kxg1 g5 35. g4 Kf7 36. Kf2 Ke6 37. Kf3 Kd5 38. Ke3 a5 39. b3
b5 40. a4 g6 0-1

[Event "XI Festival A"]
[Site "Nichelino ITA"]
[Date "2010.09.30"]
[Round "1"]
[White "Topczewski, Damian"]
[Black "Guarneri, Giuseppe"]
[Result "1-0"]
[WhiteElo "2165"]
[BlackElo "1863"]
[PlyCount "53"]
[EventDate "2010.09.30"]

1. e4 c5 2. Nf3 Nc6 3. Bb5 Qc7 4. O-O e6 5. Re1 g6 6. c3 Bg7 7. d4 cxd4 8. cxd4
a6 9. Bf1 b5 10. Nc3 Bb7 11. Be3 d6 12. d5 Nce7 13. dxe6 fxe6 14. Bxb5+ axb5
15. Nxb5 Qd7 16. Nxd6+ Kf8 17. Ng5 Bf6 18. Nxb7 Qxb7 19. Nxe6+ Kf7 20. Nd8+
Rxd8 21. Qxd8 Nh6 22. Qd1 Kg7 23. e5 Bxe5 24. Bxh6+ Kxh6 25. Rxe5 Nf5 26. Qd2+
Kg7 27. Qc3 1-0

[Event "XI Festival A"]
[Site "Nichelino ITA"]
[Date "2010.09.30"]
[Round "1"]
[White "Torrione, William"]
[Black "Medaglia, Enzo"]
[Result "1-0"]
[WhiteElo "2018"]
[BlackElo "1756"]
[PlyCount "61"]
[EventDate "2010.09.30"]

1. d4 Nf6 2. c4 g6 3. Nc3 Bg7 4. e4 d6 5. f3 O-O 6. Be3 e5 7. d5 Ne8 8. Qd2 c6
9. Bd3 cxd5 10. Nxd5 Be6 11. Ne2 Nc6 12. g4 f5 13. Bg5 Qd7 14. gxf5 gxf5 15.
Rg1 Kh8 16. Bh6 f4 17. Bxg7+ Nxg7 18. O-O-O Bxd5 19. exd5 Ne7 20. Rg4 Nef5 21.
Rdg1 Rg8 22. Qc3 Rac8 23. Nxf4 exf4 24. Bxf5 Qxf5 25. Rxg7 Qe5 26. Rxg8+ Rxg8
27. Rxg8+ Kxg8 28. Qxe5 dxe5 29. Kd2 Kf7 30. Kd3 Ke7 31. c5 1-0

[Event "XI Festival A"]
[Site "Nichelino ITA"]
[Date "2010.09.30"]
[Round "1"]
[White "Zunino, Davide"]
[Black "Bullita, Simone"]
[Result "1-0"]
[WhiteElo "2001"]
[BlackElo "1738"]
[PlyCount "63"]
[EventDate "2010.09.30"]

1. d4 e6 2. Bf4 d5 3. e3 Bd6 4. Bg3 f5 5. Bd3 Nf6 6. Nd2 Ne4 7. Ne2 Nd7 8. Bxe4
fxe4 9. Bxd6 cxd6 10. Nf4 Nf6 11. c4 Qe7 12. Qb3 g5 13. Ne2 dxc4 14. Nxc4 O-O
15. O-O b6 16. Qa3 Ne8 17. Nxb6 Rb8 18. Nxc8 Rxc8 19. Nc3 Rf6 20. Nxe4 Rh6 21.
Qd3 g4 22. g3 Qf7 23. Qe2 Qh5 24. h4 d5 25. Nc5 Rf6 26. Nd3 Rf3 27. Ne5 Nd6 28.
Nxf3 gxf3 29. Qa6 Qg4 30. Kh2 Rc2 31. Qxd6 Rc8 32. Qf4 1-0

[Event "XI Festival A"]
[Site "Nichelino ITA"]
[Date "2010.10.01"]
[Round "2"]
[White "Araniti, Michelangelo"]
[Black "Davter, Mauro"]
[Result "1-0"]
[WhiteElo "1774"]
[BlackElo "1713"]
[PlyCount "69"]
[EventDate "2010.09.30"]

1. Nf3 Nf6 2. d4 e6 3. g3 d5 4. Bg2 Be7 5. O-O O-O 6. Nc3 Nbd7 7. Ne5 c5 8. e4
Nxe5 9. dxe5 Nd7 10. exd5 Nxe5 11. Qe2 Ng6 12. h4 Re8 13. dxe6 Bxe6 14. h5 Nf8
15. Bxb7 Rb8 16. Bc6 Nd7 17. Rd1 Qc8 18. Bd5 Bh3 19. Bf4 Rxb2 20. Rdb1 Bd6 21.
Qc4 Rxb1+ 22. Rxb1 Nb6 23. Bxf7+ Kh8 24. Qd3 Bxf4 25. Bxe8 Qxe8 26. gxf4 Qc8
27. Rd1 Bd7 28. h6 gxh6 29. Kh2 Qd8 30. Qg3 Qf6 31. Ne4 Qg6 32. Qc3+ Kg8 33.
Rg1 Bg4 34. Rxg4 Qxg4 35. Nf6+ 1-0

[Event "XI Festival A"]
[Site "Nichelino ITA"]
[Date "2010.10.01"]
[Round "2"]
[White "Barbiso, Tiziana"]
[Black "Bisi, Samuele"]
[Result "1/2-1/2"]
[WhiteElo "2035"]
[BlackElo "1829"]
[PlyCount "61"]
[EventDate "2010.09.30"]

1. e4 e5 2. Nf3 Nc6 3. d4 exd4 4. Nxd4 Bc5 5. Nxc6 Qf6 6. Qd2 dxc6 7. Nc3 Ne7
8. Na4 Qd6 9. Nxc5 Qxc5 10. Bd3 Be6 11. O-O O-O-O 12. Qe3 Qxe3 13. Bxe3 a6 14.
a3 Rhe8 15. Rae1 h6 16. f4 f5 17. e5 Rd7 18. h3 g6 19. Kf2 Nd5 20. Bc1 Rg8 21.
Rg1 g5 22. g4 Rf7 23. fxg5 fxg4+ 24. Ke2 hxg5 25. hxg4 Nf4+ 26. Ke3 Nxd3 27.
Kxd3 Rd8+ 28. Kc3 Rf3+ 29. Re3 Rf4 30. b3 Rxg4 31. Rxg4 1/2-1/2

[Event "XI Festival A"]
[Site "Nichelino ITA"]
[Date "2010.10.01"]
[Round "2"]
[White "Biancotti, Alessandro"]
[Black "Negro, Francesco P."]
[Result "1-0"]
[WhiteElo "1895"]
[BlackElo "1752"]
[PlyCount "65"]
[EventDate "2010.09.30"]

1. e4 d5 2. exd5 Qxd5 3. Nf3 Nf6 4. d4 c6 5. Be2 Bf5 6. O-O e6 7. c3 Bxb1 8.
Rxb1 Qxa2 9. Bg5 Be7 10. Qc2 Qa5 11. b4 Qc7 12. Ne5 Nbd7 13. f4 Nxe5 14. fxe5
Nd5 15. Bd2 b5 16. Qe4 Bg5 17. Be1 g6 18. h4 Be3+ 19. Kh1 Bh6 20. g4 Bg7 21.
Bd2 a5 22. bxa5 Qxa5 23. Qd3 Qc7 24. c4 bxc4 25. Qxc4 O-O 26. Rfc1 Rfb8 27.
Rxb8+ Rxb8 28. Qxc6 Qxc6 29. Rxc6 Rb1+ 30. Kg2 Rb2 31. Rc8+ Bf8 32. Bh6 Nf4+
33. Kf3 1-0

[Event "XI Festival A"]
[Site "Nichelino ITA"]
[Date "2010.10.01"]
[Round "2"]
[White "Bullita, Simone"]
[Black "Picarella, Marco"]
[Result "0-1"]
[WhiteElo "1738"]
[BlackElo "1892"]
[PlyCount "152"]
[EventDate "2010.09.30"]

1. d4 Nf6 2. Nd2 d5 3. e3 Bf5 4. Bd3 e6 5. Bxf5 exf5 6. Ne2 Bd6 7. c4 c6 8. Qb3
b6 9. Nc3 dxc4 10. Nxc4 Bc7 11. Qc2 Qd7 12. Ne2 O-O 13. O-O Re8 14. Rd1 Nd5 15.
Nc3 Na6 16. Qb3 Rad8 17. Nxd5 cxd5 18. Na3 Re6 19. g3 Bb8 20. Qd3 Nb4 21. Qxf5
Qa4 22. Bd2 Qa5 23. Nc2 Rf6 24. Bxb4 Rxf5 25. Bxa5 bxa5 26. Ne1 g5 27. Rac1 Rf6
28. Rc3 Ra6 29. Rdc1 Kg7 30. Rc6 Rb6 31. Nd3 g4 32. R1c5 Bd6 33. Rxb6 Bxc5 34.
Rc6 Bb6 35. Ne5 h5 36. Nd3 Rd7 37. Nf4 h4 38. Nh5+ Kf8 39. Nf6 Rb7 40. Nxd5 Bd8
41. Rc2 h3 42. b3 a4 43. Rc3 Rb5 44. Nf4 axb3 45. Rxb3 Ra5 46. Rb2 Ra6 47. Kf1
Rc6 48. Nd3 f6 49. Ke2 Be7 50. Kd2 Ba3 51. Rb8+ Kf7 52. Rb7+ Kg6 53. Rxa7 Bd6
54. Ra4 Rb6 55. Rc4 Ba3 56. Kc2 Kf5 57. Rc3 Bd6 58. Ne1 Bb4 59. Nd3 Bxc3 60.
Kxc3 Ke4 61. a4 Kf3 62. a5 Rb8 63. d5 Rb5 64. Kc4 Rxa5 65. d6 Kg2 66. d7 Ra8
67. Nf4+ Kxh2 68. Kd5 Kg1 69. Ke6 h2 70. Kxf6 h1=Q 71. Ne6 Qh7 72. d8=Q Rxd8
73. Nxd8 Kxf2 74. Ne6 Kxg3 75. Ke5 Kf2 76. e4 g3 0-1

[Event "XI Festival A"]
[Site "Nichelino ITA"]
[Date "2010.10.01"]
[Round "2"]
[White "D'Ingiullo, Roberto"]
[Black "Paoli, Mario"]
[Result "1-0"]
[WhiteElo "2116"]
[BlackElo "1761"]
[PlyCount "133"]
[EventDate "2010.09.30"]

1. e4 g6 2. d4 Bg7 3. Nc3 d6 4. Nf3 Nf6 5. Be2 a6 6. O-O O-O 7. a4 b6 8. Bg5
Bb7 9. e5 Ne4 10. Nxe4 Bxe4 11. Nd2 Bb7 12. Bf3 d5 13. Re1 c5 14. c3 Nc6 15.
Nf1 h6 16. Bh4 Qd7 17. Ne3 e6 18. Qd2 Ne7 19. Ng4 Nf5 20. Nf6+ Bxf6 21. Bxf6
Kh7 22. Bg4 c4 23. Bxf5 exf5 24. Re3 f4 25. Rf3 Rg8 26. Rxf4 g5 27. Rf3 Rg6 28.
Rh3 Rag8 29. Qc2 Qg4 30. Re1 Bc8 31. Rg3 Qf5 32. Qxf5 Bxf5 33. Ra1 Re8 34. h4
gxh4 35. Rxg6 fxg6 36. Bxh4 g5 37. Bg3 h5 38. f3 Kg6 39. Be1 Bc2 40. Bd2 Kf5
41. a5 b5 42. Kf2 g4 43. Rh1 Rh8 44. Kg3 gxf3 45. gxf3 Rg8+ 46. Kf2 Rh8 47. Rg1
Ke6 48. Rg7 h4 49. Ra7 h3 50. Rxa6+ Ke7 51. Rh6 Ra8 52. Bg5+ Kf7 53. a6 Bg6 54.
f4 Be4 55. f5 h2 56. e6+ Kg8 57. Rxh2 Bxf5 58. Bf6 Bh7 59. Rg2+ Kf8 60. Rg7
Rxa6 61. Rxh7 Rxe6 62. Be5 Rb6 63. Rd7 b4 64. Rxd5 bxc3 65. bxc3 Rb3 66. Bd6+
Ke8 67. Bb4 1-0

[Event "XI Festival A"]
[Site "Nichelino ITA"]
[Date "2010.10.01"]
[Round "2"]
[White "De Renzi, Giuseppe"]
[Black "Torrione, William"]
[Result "0-1"]
[WhiteElo "1578"]
[BlackElo "2018"]
[PlyCount "80"]
[EventDate "2010.09.30"]

1. Nf3 f5 2. d4 Nf6 3. g3 b6 4. Bg2 Bb7 5. O-O e6 6. b3 g6 7. Bb2 Qe7 8. c4 Bg7
9. Nc3 O-O 10. e3 d6 11. Rc1 Nbd7 12. Rc2 Ne4 13. Qe2 a5 14. Rfc1 Nxc3 15. Bxc3
Be4 16. Rd2 Bf6 17. Ne1 Bxg2 18. Nxg2 e5 19. Rdc2 Rae8 20. Qd2 g5 21. Qd3 e4
22. Qd2 Qf7 23. Rf1 Qg6 24. Qc1 h5 25. Qd1 Rf7 26. Re2 c5 27. Bb2 Qg7 28. Ba1
Qh6 29. Ne1 g4 30. Ng2 h4 31. Nf4 Rh7 32. Bb2 Bg5 33. Bc1 hxg3 34. fxg3 cxd4
35. exd4 Nf6 36. Ng2 Qxh2+ 37. Kf2 e3+ 38. Bxe3 Bxe3+ 39. Rxe3 Rxe3 40. Kxe3
Qxg3+ 0-1

[Event "XI Festival A"]
[Site "Nichelino ITA"]
[Date "2010.10.01"]
[Round "2"]
[White "Finocchiaro, Gianluca"]
[Black "Di Chiara, Mauro"]
[Result "1/2-1/2"]
[WhiteElo "2121"]
[BlackElo "1949"]
[PlyCount "31"]
[EventDate "2010.09.30"]

1. d4 d6 2. e4 Nf6 3. Nc3 g6 4. f4 Bg7 5. Nf3 O-O 6. e5 Ng4 7. Bc4 c5 8. e6
fxe6 9. Ng5 d5 10. Bd3 e5 11. dxe5 Bxe5 12. fxe5 Nf2 13. Qe2 Bg4 14. Qxf2 Rxf2
15. Kxf2 c4 16. Be2 1/2-1/2

[Event "XI Festival A"]
[Site "Nichelino ITA"]
[Date "2010.10.01"]
[Round "2"]
[White "Martin, Tiziano"]
[Black "Pulito, Alberto"]
[Result "1/2-1/2"]
[WhiteElo "1955"]
[BlackElo "2263"]
[PlyCount "85"]
[EventDate "2010.09.30"]

1. Nf3 d5 2. d3 Nc6 3. Nbd2 e5 4. e4 Nf6 5. Be2 Bc5 6. h3 Qe7 7. c3 a5 8. O-O
O-O 9. a4 Rd8 10. Qc2 b6 11. Re1 dxe4 12. Nxe4 Nxe4 13. dxe4 f6 14. Bc4+ Be6
15. Qe2 Qf7 16. Bxe6 Qxe6 17. Nh4 Ne7 18. Qg4 Qxg4 19. hxg4 g5 20. Nf5 Nxf5 21.
gxf5 Rd3 22. Kf1 Rad8 23. Rb1 Kf7 24. b4 axb4 25. cxb4 Bd4 26. Bb2 Rd2 27. Bxd4
R8xd4 28. Rec1 Rd7 29. Rc6 Ra2 30. a5 bxa5 31. bxa5 Rxa5 32. Rb7 Ra1+ 33. Ke2
Ra2+ 34. Kf3 h5 35. Rcxc7 Rxc7 36. Rxc7+ Ke8 37. g3 Ra3+ 38. Ke2 Ra4 39. Ke3
Ra3+ 40. Ke2 Ra2+ 41. Ke3 Ra3+ 42. Ke2 Ra4 43. Ke3 1/2-1/2

[Event "XI Festival A"]
[Site "Nichelino ITA"]
[Date "2010.10.01"]
[Round "2"]
[White "Medaglia, Enzo"]
[Black "Babilonia, Mauricio Rafael"]
[Result "0-1"]
[WhiteElo "1756"]
[BlackElo "2007"]
[PlyCount "28"]
[EventDate "2010.09.30"]

1. e4 d5 2. exd5 Qxd5 3. d4 Nc6 4. Be3 e5 5. Nc3 Bb4 6. a3 Bxc3+ 7. bxc3 Bf5 8.
Qd2 Nge7 9. c4 Qe4 10. Nf3 exd4 11. Nxd4 Rd8 12. O-O-O Nxd4 13. Bxd4 Rxd4 14.
Bd3 Qf4 0-1

[Event "XI Festival A"]
[Site "Nichelino ITA"]
[Date "2010.10.01"]
[Round "2"]
[White "Passerotti, Pierluigi"]
[Black "Zunino, Davide"]
[Result "1-0"]
[WhiteElo "2268"]
[BlackElo "2001"]
[PlyCount "111"]
[EventDate "2010.09.30"]

1. d4 f5 2. Nc3 Nf6 3. Bg5 d5 4. Bxf6 exf6 5. e3 c6 6. Bd3 Na6 7. Qf3 g6 8. a3
Nc7 9. h4 h5 10. Nh3 Be6 11. Nf4 Bf7 12. Qd1 Qd7 13. Nce2 Bd6 14. c3 O-O-O 15.
Qc2 Rhg8 16. O-O-O Kb8 17. g4 fxg4 18. Nxg6 Ne6 19. Ng3 Qe8 20. Nxh5 Bxg6 21.
Nxf6 Bxd3 22. Qxd3 Qe7 23. Nxg8 Rxg8 24. Rhg1 Qf7 25. Qe2 Qh5 26. Rg2 a6 27.
Rdg1 Qxh4 28. Rxg4 Rxg4 29. Rxg4 Qe7 30. Rg8+ Ka7 31. Qh5 Nc7 32. Qg6 a5 33.
Rg7 Qd8 34. Kb1 Kb6 35. f4 Qf8 36. Ka2 a4 37. f5 Qh8 38. Rh7 Qf8 39. f6 Nb5 40.
Qg7 Qc8 41. Qd7 Qb8 42. f7 Qf8 43. Qe8 Bxa3 44. Qxf8 Bxf8 45. Rh8 Bd6 46. Rd8
Be7 47. Re8 Bd6 48. f8=Q Bxf8 49. Rxf8 a3 50. Rf6 axb2 51. Kxb2 Kc7 52. Rf7+
Kb6 53. Rd7 Nc7 54. Kb3 Ne6 55. c4 dxc4+ 56. Kxc4 1-0